000 00607nam a2200181 a 4500
008 120416s1980 ||||||||||||||||| || u
050 _aHF 5667 Bar
100 _aBarr, Ben B
245 1 0 _aShort audit case
246 _athe Valley Publishing Company
250 _a4th ed.
260 _aHomewood, [Ill.]
_bRichard D. Irwin
_c1980
300 _aVarious pagings : ill.
350 _a0.00
650 _aTEXTBOOKS--TEXTBOOKS
650 _aAUDITING
995 _D0.00
_FCBU-MAIN LIBRARY (Kitwe)
_H1
_I0.00
_M1
_UAVAILABLE
_ZAnnex Low-Usage Collection
999 _c57419
_d57419